000 00503nam a2200193Ia 4500
999 _c3847
_d3847
003 0100
008 130227s9999 xx 000 0 und d
040 _cARRUPELIB
050 _aDT155.2.D56 M235 1988
100 _aMakec, Wuol John
_931107
245 4 _aThe customary law of the Dinka people of Sudan
245 _bin comparison with aspects of Western and Islamic laws
260 _bAfroworld publishing
_aLondon
_c1988
300 _a287p.
300 _b 24cm.
650 _aCustomary law
_zSudan
_931108
650 _aLaw
_xDinka
_931109
942 _2lcc
_cMONOGRAPH